The Godfather Franchise - Statistics

General Stats
  • This quiz has been taken 60 times
  • The average score is 8 of 23
Answer Stats
Type Year Name Info % Correct
Novel 1969 The Godfather Mario Puzo
100%
Film 1972 The Godfather Paramount
100%
Video Game 1991 The Godfather U.S. Gold
100%
Video Game 2006 The Godfather EA
100%
Film 1974 The Godfather Part II Paramount
98%
Film 1990 The Godfather Part III Paramount
94%
Video Game 2009 The Godfather II EA
61%
Novel 1984 The Sicilian Mario Puzo
33%
Film 1987 The Sicilian 20th Century Fox
33%
Novel 2004 The Godfather Returns Mark Winegardner
17%
Novel 2012 The Family Corleone Ed Falco
13%
TV Mini-Series 1977 The Godfather Saga NBC
11%
Novel 2006 The Godfather's Revenge Mark Winegardner
11%
Film 1998 Mafia! Buena Vista Pictures
6%
Film 2005 Sarkar NH Studioz
4%
Film 1990 The Freshman TriStar Pictures
4%
Non-Fiction Book 2012 The Godfather Effect Tom Santopietro
4%
Autobiography 1972 The Godfather Papers and Other Confessions Mario Puzo
4%
Film 2017 Sarkar 3 Eros International
2%
Film 2008 Sarkar Raj Showman Pictures / Balaji Motion Pictures
2%
Film 1973 The Funny Face of the Godfather Columbia
2%
Film 1973 The Godson of the Godfather ????
2%
Short Film 2002 The Godthumb Revolver Entertainment
2%
No matching quizzes found
Score Distribution
Percent of People with Each Score
Percentile by Number Answered
Your Score History
You have not taken this quiz